000 01235nam a22001817a 4500
999 _c63280
_d63280
003 Ge_BSU
005 20250717164056.0
008 250717s2006 ge ||||| |||| 00| 0 geo d
041 _ageo
080 _a338(479.22) ს-32
245 _a2006. ოქტომბერი, ივნისი, მარტი,
_bსაქართველოს ეკონომიკური ტენდენციები : კვარტალური მიმოხილვა : საქართველოს პოლიტიკისა და სამართლებრივი საკითხების ქართულ-ევროპული საკონსულტაციო ცენტრი. /
_cგამოშ.მუშ, ლელა ბახტაძე, ნატა კაკაბაძე, ვერონიკა შნაიდერი.
264 _aთბილისი ,
_c2006.
300 _a81 გვ.:
_bცხრ.
_c29 სმ.
653 _aსაქართველოს ეკონომიკური ტენდენციები.
653 _aეკონომიკა
700 _aბახტაძე, ლელა
_eდა სხვ.
_925671
942 _2udc
_cBK